[Event "Gipuzkoa ch"]
[Site "Donostia"]
[Date "2014.10.04"]
[Round "1"]
[White "Alcaide Luque, Aitor"]
[Black "Berdote Alonso, Carlos"]
[Result "1-0"]
[WhiteElo "2200"]
[BlackElo "1842"]

1.Nf3 d5 2.d4 Nf6 3.e3 e6 4.Bd3 Be7 5.Nbd2 b6 6.c3 O-O 7.Ne5 Bb7 8.O-O c5 
9.f4 Nc6 10.Rf3 Qc7 11.Rh3 g6 12.Qf3 Rad8 13.g4 cxd4 14.exd4 Nd7 15.Qg3 
Ndxe5 16.fxe5 f6 17.Qh4 Rf7 18.Bxg6 Rg7 19.Bxh7+ Kf7 20.Qh5+ Kf8 21.Nf1 
Nxe5 22.Bh6 Bd6 23.Ne3 Nc4 24.Rf1 Qe7 25.Qg6 f5 26.Nxf5 Bxh2+ 27.Rxh2 exf5
28.Rxf5+ Qf6 29.Rxf6+ Ke7 30.Qxg7+ Ke8 31.Bg6# 1-0

[Event "Gipuzkoa ch"]
[Site "Donostia"]
[Date "2014.10.04"]
[Round "1"]
[White "Izquierdo Arruferia, Joseba"]
[Black "Guijarro Galan, Jose Luis"]
[Result "0-1"]
[WhiteElo "1836"]
[BlackElo "2189"]

1.e4 c5 2.Nc3 a6 3.g3 b5 4.Bg2 Bb7 5.d3 e6 6.f4 d5 7.e5 Ne7 8.Nf3 Nf5 9.
O-O h5 10.Re1 Be7 11.d4 cxd4 12.Nxd4 Bc5 13.Be3 Nxe3 14.Rxe3 Bxd4 15.Qxd4 
Nc6 16.Qc5 Rc8 17.Rd3 Nxe5 18.Qd4 Nxd3 19.cxd3 Qf6 20.Qb6 Qe7 21.Kf1 O-O 
22.Re1 Rfd8 23.Qd4 Qf6 24.Qb6 Rb8 25.Qc5 d4 26.Ne4 Bxe4 27.Bxe4 g6 28.Qa7 
e5 29.Kg1 exf4 30.gxf4 Rbc8 0-1

[Event "Gipuzkoa ch"]
[Site "Donostia"]
[Date "2014.10.04"]
[Round "1"]
[White "Sanchez Ruesga, Hector"]
[Black "Fuente San Sebastian, Ernesto"]
[Result "1/2-1/2"]
[WhiteElo "2093"]
[BlackElo "1828"]

1.d4 Nf6 2.c4 e5 3.dxe5 Ng4 4.Nf3 Nc6 5.Bf4 Bb4+ 6.Nc3 Qe7 7.Qd5 Bxc3+ 8.
bxc3 Qa3 9.Rc1 Ne7 10.Qd4 Ng6 11.Bd2 d6 12.exd6 cxd6 13.Qxg7 Be6 14.g3 Qc5
15.Qd4 Qxc4 16.Qxd6 Rd8 17.Qb4 Qxa2 18.Bg2 a5 19.Qb5+ Bd7 20.Qxb7 O-O 21.
Nd4 Nxf2 22.Rf1 Ng4 23.Bg5 Bc8 24.Qb3 Qxb3 25.Nxb3 f6 26.Bd2 Nxh2 27.Rh1 
Ng4 28.Nxa5 Rfe8 29.Nc6 Rd6 30.Nd4 N6e5 31.Be4 f5 32.Bc2 Ba6 33.Bf4 Nf3+ 
34.Kf1 Rxd4 35.Kg2 Rxe2+ 36.Kh3 Nf2+ 37.Kg2 Nxh1+ 38.Kxf3 Rf2+ 39.Ke3 Rdd2
40.Bb3+ Kf8 41.Bh6+ Ke8 42.Rxh1 Rfe2+ 43.Kf4 Rf2+ 44.Kg5 Rh2 45.Re1+ Rde2 
46.Ra1 Reg2 47.Rxa6 Rxg3+ 48.Kxf5 Rxh6 49.Rxh6 Rxc3 50.Ba4+ Ke7 51.Rxh7+ 
Kd6 52.Rd7+ Kc5 53.Ke5 Re3+ 1/2-1/2

[Event "Gipuzkoa ch"]
[Site "Donostia"]
[Date "2014.10.04"]
[Round "1"]
[White "Gallego Saez, Mario"]
[Black "Urretabizkaia Merino, Asier"]
[Result "0-1"]
[WhiteElo "1819"]
[BlackElo "2093"]

1.d4 Nf6 2.Nf3 g6 3.c4 Bg7 4.Bf4 O-O 5.Nc3 d6 6.e4 c5 7.d5 Nbd7 8.Be2 a6 
9.O-O Rb8 10.Rb1 b5 11.cxb5 axb5 12.Qc2 b4 13.Nb5 Nh5 14.Be3 Qa5 15.a4 
bxa3 16.bxa3 Nb6 17.Rb3 Bd7 18.Rfb1 f5 19.Bd2 Qa4 20.Nc3 Bxc3 21.Qxc3 fxe4
22.Rxb6 Rxb6 23.Rxb6 exf3 24.Bxf3 Ra8 25.Bh6 Nf6 26.g4 Bxg4 27.Rb7 Re8 28.
Qe3 Bxf3 29.Qxf3 Qe4 30.Qxe4 Nxe4 31.a4 Kf7 32.Bf4 g5 33.Bg3 Nxg3 34.hxg3 
Ra8 35.Rb1 Rxa4 36.Rd1 Rd4 37.Rxd4 cxd4 38.Kf1 Kf6 39.Ke2 Ke5 40.Kd3 h5 
41.f3 h4 0-1

[Event "Gipuzkoa ch"]
[Site "Donostia"]
[Date "2014.10.04"]
[Round "1"]
[White "Segovia Sanchez, Antonio"]
[Black "Diez Viera, Oscar"]
[Result "0-1"]
[WhiteElo "2030"]
[BlackElo "1805"]

1.d4 Nf6 2.Nf3 d5 3.c4 c6 4.e3 e6 5.Nc3 Nbd7 6.Bd3 b6 7.O-O Bd6 8.b3 O-O 
9.Bb2 Re8 10.Qc2 Bb7 11.e4 dxe4 12.Nxe4 Nxe4 13.Bxe4 Nf6 14.Bd3 h6 15.Rad1
Rc8 16.Qe2 Qc7 17.Ne5 c5 18.dxc5 Bxc5 19.Ng4 Nxg4 20.Qxg4 Bf8 21.Rfe1 f5 
22.Qg6 Qf7 23.Qg3 Rcd8 24.Be5 Bb4 25.Rf1 Rd7 26.Bf4 Kh8 27.Be2 Red8 28.h3 
Rxd1 29.Bxd1 Be4 30.Be2 g5 31.Be5+ Kh7 32.Qe3 Bd2 33.Qg3 Bb4 34.Bc3 f4 35.
Qg4 Bxc3 36.g3 Qf5 37.Qh5 f3 38.Bd1 Bd3 39.Bxf3 Bxf1 40.Kxf1 Rf8 41.Kg2 e5
42.h4 e4 43.Be2 Qxf2+ 44.Kh3 Qf5+ 45.Kg2 gxh4 46.Qxh4 Qf2+ 47.Kh3 Qxe2 48.
Qe7+ Bg7 0-1

[Event "Gipuzkoa ch"]
[Site "Donostia"]
[Date "2014.10.04"]
[Round "1"]
[White "Burgana Lardizabal, Jose Angel"]
[Black "Galarza Cenzano, Inigo"]
[Result "1-0"]
[WhiteElo "1797"]
[BlackElo "2020"]

1.d4 d6 2.Nf3 Nf6 3.Bf4 g6 4.e3 Bg7 5.Be2 c5 6.c3 Qb6 7.b3 Nc6 8.O-O O-O 
9.Nbd2 cxd4 10.Nc4 Qd8 11.exd4 b5 12.Ne3 b4 13.c4 Ne4 14.Nc2 Nc3 15.Qd2 
Bf5 16.Bd3 Bxd3 17.Qxd3 e5 18.Nxb4 Nxd4 19.Nxd4 exd4 20.Rfe1 Qb6 21.Nc2 
Rac8 22.Kf1 d5 23.Na3 Qa5 24.Bc1 Rfe8 25.Bb2 dxc4 26.Nxc4 Rxe1+ 27.Rxe1 
Qxa2 28.Nd6 Rf8 29.Nc4 Qxb3 30.Ba1 Qb5 31.Bxc3 dxc3 32.Rb1 Qc5 33.Ne3 a5 
34.Rb5 Qa3 35.g3 a4 36.Kg2 Re8 37.Rb7 Qa2 38.Qd7 Rxe3 39.Rb8+ Bf8 40.Qd6 
Kg7 41.Qxf8+ Kf6 42.Qh8+ Kf5 43.Rb5+ 1-0

[Event "Gipuzkoa ch"]
[Site "Donostia"]
[Date "2014.10.04"]
[Round "1"]
[White "Irure Crespo, Egoitz"]
[Black "Sanchez Ruesga, Carlos"]
[Result "1/2-1/2"]
[WhiteElo "2005"]
[BlackElo "1792"]

1.d4 d5 2.c4 e6 3.cxd5 exd5 4.Nc3 Nf6 5.Bg5 c6 6.e3 h6 7.Bh4 Bd6 8.Bd3 O-O
9.Nge2 Be6 10.Qc2 Nbd7 11.Bg3 Qe7 12.O-O Rfe8 13.Nf4 Bxf4 14.exf4 Nb6 15.
Rae1 Qf8 16.f5 Bd7 17.Be5 Rac8 18.Qd2 Nc4 19.Bxc4 dxc4 20.Qf4 Kh7 21.Bd6 
Qg8 22.Re5 Rxe5 23.dxe5 Nd5 24.Qxc4 Nxc3 25.Qxc3 Bxf5 26.Qf3 Be6 27.g4 g5 
28.a3 Qg6 29.Re1 1/2-1/2

[Event "Gipuzkoa ch"]
[Site "Donostia"]
[Date "2014.10.04"]
[Round "1"]
[White "Zubia Aramburu, Mikel"]
[Black "Fernandez Zubitur, Jokin"]
[Result "1-0"]
[WhiteElo "1789"]
[BlackElo "2001"]

1.c4 e5 2.Nc3 Nc6 3.g3 f5 4.Bg2 Nf6 5.e3 d6 6.Nge2 g6 7.d4 Bg7 8.O-O O-O 
9.b3 Re8 10.Bb2 Rb8 11.dxe5 Nxe5 12.Nf4 c6 13.h3 Qc7 14.Qe2 b6 15.Rad1 Ba6
16.e4 fxe4 17.Nxe4 Nxe4 18.Qxe4 d5 19.cxd5 Bxf1 20.Bxf1 cxd5 21.Qxd5+ Qf7 
22.Qb5 Qf5 23.Qd5+ Kh8 24.Bb5 Nf3+ 25.Qxf3 Qxb5 26.Bxg7+ Kxg7 27.Qc3+ Kh6 
28.Nd5 Qe2 29.Qc1+ Kg7 30.Qc7+ Kh8 31.Ne3 Rbc8 32.Qf4 Rxe3 33.Rd7 Re6 34.
Qf7 Rc1+ 35.Kh2 Re3 1-0

[Event "Gipuzkoa ch"]
[Site "Donostia"]
[Date "2014.10.04"]
[Round "1"]
[White "Puga Senar, Fernando"]
[Black "Esnaola Gaston, Fernando"]
[Result "1-0"]
[WhiteElo "1774"]
[BlackElo "1940"]

1.d4 d5 2.c4 e6 3.Nf3 Nf6 4.Bg5 Be7 5.Nc3 O-O 6.e3 h6 7.Bf4 c6 8.Bd3 Nbd7 
9.O-O dxc4 10.Bxc4 b5 11.Bd3 Bb7 12.Rc1 a6 13.Ne4 Nxe4 14.Bxe4 Qb6 15.Ne5 
Nxe5 16.Bxe5 f5 17.Bf3 Bf6 18.Qb3 Rae8 19.Bd6 Be7 20.Qxe6+ Rf7 21.Bh5 1-0

[Event "Gipuzkoa ch"]
[Site "Donostia"]
[Date "2014.10.04"]
[Round "1"]
[White "Argandona Riveiro, Jon"]
[Black "Navascues Zabaleta, Jesus"]
[Result "1-0"]
[WhiteElo "1936"]
[BlackElo "1771"]

1.e4 c5 2.Nf3 g6 3.g3 Bg7 4.Bg2 Nc6 5.O-O Nf6 6.d3 O-O 7.Nc3 Rb8 8.a4 a6 
9.Bf4 d6 10.Re1 Bd7 11.e5 Nh5 12.exd6 Nxf4 13.dxe7 Nxe7 14.gxf4 Bxc3 15.
bxc3 Nd5 16.Qd2 Qf6 17.Ne5 Nxf4 18.Re4 Nh3+ 19.Kf1 Bf5 20.Ng4 Bxg4 21.Rxg4
h5 22.Rc4 Ng5 23.Qf4 Qxf4 24.Rxf4 b5 25.a5 Rfe8 26.Re1 Rxe1+ 27.Kxe1 Re8+ 
28.Kd2 Ne6 29.Re4 Nc7 30.Rxe8+ Nxe8 31.Bb7 Nc7 32.d4 cxd4 33.cxd4 Kf8 34.
Kc3 Ke7 35.Kb4 Kd6 36.c4 bxc4 37.Kxc4 f6 38.Kd3 Nd5 39.Ke4 Nc7 40.h4 Ke6 
41.Kf4 Kd6 42.Be4 Ne6+ 43.Ke3 f5 44.Bb7 Nc7 45.Kd3 Ke6 46.Kc4 Kd6 47.d5 f4
48.Kd4 f3 49.Ke4 Nb5 50.Bxa6 Nc3+ 51.Kxf3 Nxd5 52.Bd3 Ne7 53.Kf4 Ke6 54.
Kg5 1-0

[Event "Gipuzkoa ch"]
[Site "Donostia"]
[Date "2014.10.04"]
[Round "1"]
[White "Ezkerro Hernandez, Pablo"]
[Black "Izagirre Alsua, Aritz"]
[Result "0-1"]
[WhiteElo "1758"]
[BlackElo "1905"]

1.e4 c5 2.Nf3 d6 3.d4 cxd4 4.Nxd4 Nf6 5.Nc3 a6 6.Be2 e5 7.Nb3 Be6 8.O-O 
Be7 9.Bg5 Nbd7 10.f4 exf4 11.Bxf4 Ne5 12.Kh1 O-O 13.Qd4 Qc7 14.Rac1 Rac8 
15.Nd5 Bxd5 16.exd5 Nfd7 17.c4 Ng6 18.Bg4 Bf6 19.Qd2 Nxf4 20.Rxf4 Bg5 21.
h4 Bxf4 22.Qxf4 Ne5 23.Bxc8 Nd3 0-1

[Event "Gipuzkoa ch"]
[Site "Donostia"]
[Date "2014.10.11"]
[Round "2"]
[White "Lazkano Gaite, Tomas"]
[Black "Alvarado Fernandez, Mikel"]
[Result "1-0"]
[WhiteElo "1686"]
[BlackElo "1945"]

1.d4 d5 2.Nf3 Nf6 3.c4 c6 4.Nc3 e6 5.Bg5 Be7 6.e3 O-O 7.Bd3 dxc4 8.Bxc4 
Nbd7 9.O-O b6 10.Qe2 Bb7 11.Rfd1 h6 12.Bh4 Nd5 13.Bg3 N7f6 14.e4 Nxc3 15.
bxc3 Nh5 16.Ne5 Nxg3 17.hxg3 Qd6 18.f4 Rad8 19.Qh5 b5 20.Bb3 Bc8 21.a4 c5 
22.axb5 cxd4 23.Rxa7 Qc5 24.b6 dxc3+ 25.Kh2 Rxd1 26.Bxd1 f6 27.Rc7 Qd4 28.
Nc6 Qxe4 29.Nxe7+ Kh7 30.Nxc8 Rd8 31.Qf7 1-0

[Event "Gipuzkoa ch"]
[Site "Donostia"]
[Date "2014.10.11"]
[Round "2"]
[White "Aizpurua Zufiria, Inaki"]
[Black "Argandona Riveiro, Jon"]
[Result "0-1"]
[WhiteElo "1499"]
[BlackElo "1936"]

1.e4 d6 2.d4 Nf6 3.Nc3 e5 4.Nf3 Nbd7 5.Bc4 Be7 6.O-O O-O 7.a4 a6 8.a5 exd4
9.Nxd4 Ne5 10.Bb3 c5 11.Nf3 Bg4 12.Bf4 Nxf3+ 13.gxf3 Bh3 14.Re1 Nh5 15.Bg3
Nxg3 16.fxg3 Bf6 17.Qd2 Bd4+ 18.Kh1 Qf6 19.Qd3 Qh6 20.Nd1 Rab8 21.c3 Bf6 
22.Nf2 b5 23.Qxd6 c4 24.Ba2 Rbd8 25.Qxa6 Rd2 26.e5 Rxf2 27.exf6 Qd2 0-1

[Event "Gipuzkoa ch"]
[Site "Donostia"]
[Date "2014.10.11"]
[Round "2"]
[White "Montolio Benedicto, Cesar"]
[Black "Puga Senar, Fernando"]
[Result "0-1"]
[WhiteElo "1898"]
[BlackElo "1774"]

1.e4 e6 2.d3 d5 3.Nd2 g6 4.Ngf3 Bg7 5.g3 c5 6.Bg2 Nc6 7.O-O Nge7 8.Re1 O-O
9.e5 Qc7 10.Qe2 b5 11.Nf1 Nf5 12.h4 Nfd4 13.Nxd4 Nxd4 14.Qd1 Bxe5 15.c4 
bxc4 16.dxc4 Bb7 17.Bh6 Bg7 18.Bxg7 Kxg7 19.b4 Nf5 20.cxd5 Rad8 21.Qc1 c4 
22.Qc3+ Kg8 23.dxe6 Bxg2 24.exf7+ Qxf7 25.Kxg2 Rd3 26.Qe5 Nxh4+ 27.gxh4 
Qxf2+ 28.Kh1 Rh3+ 29.Nh2 Qf3+ 30.Kg1 Rg3+ 31.Qxg3 Qxg3+ 32.Kh1 Rf2 0-1

[Event "Gipuzkoa ch"]
[Site "Donostia"]
[Date "2014.10.11"]
[Round "2"]
[White "Rodriguez Cabrera, Fco. Javier"]
[Black "Irure Crespo, Egoitz"]
[Result "1/2-1/2"]
[WhiteElo "1853"]
[BlackElo "2005"]

1.e4 c6 2.d4 d5 3.Nd2 dxe4 4.Nxe4 Bf5 5.Ng3 Bg6 6.h4 h6 7.h5 Bh7 8.Nf3 Nd7
9.Bd3 Bxd3 10.Qxd3 Ngf6 11.Bd2 e6 12.O-O-O Be7 13.Ne4 Nxe4 14.Qxe4 Nf6 15.
Qe2 Qd5 16.c4 Qe4 17.Qxe4 Nxe4 18.Be3 O-O 19.Ne5 Rfd8 20.g4 c5 21.dxc5 
Bxc5 22.Bxc5 Nxc5 23.Rxd8+ Rxd8 24.Rd1 Rxd1+ 25.Kxd1 f6 26.b4 Ne4 27.Nd3 
Kf7 28.f3 Nd6 29.c5 Nb5 1/2-1/2

[Event "Gipuzkoa ch"]
[Site "Donostia"]
[Date "2014.10.11"]
[Round "2"]
[White "Fuente San Sebastian, Ernesto"]
[Black "Parron Luceno, David"]
[Result "1-0"]
[WhiteElo "1828"]
[BlackElo "1554"]

1.e4 d6 2.d4 Nf6 3.Bd3 c6 4.c4 Qb6 5.Ne2 Bg4 6.f3 Bh5 7.Nbc3 e5 8.Be3 Nbd7
9.O-O exd4 10.Bxd4 c5 11.Bf2 Be7 12.Nf4 O-O 13.Nxh5 Nxh5 14.Nd5 Qd8 15.f4 
Nhf6 16.Nxe7+ Qxe7 17.Qf3 Qe6 18.h3 b6 19.b3 Kh8 20.Rad1 Rad8 21.Bc2 Ng8 
22.Rd2 Ndf6 23.Rfd1 Rd7 24.Bg3 Rfd8 25.Bh4 Ne7 26.f5 Qe5 27.Bg3 Qb2 28.Bb1
Qa3 29.Kh2 Qa5 30.Rxd6 Rxd6 31.Bxd6 Nc8 32.e5 Ne8 33.Qh5 Ncxd6 34.exd6 Rd7
35.Qf3 Qa6 36.Qa8 1-0

[Event "Gipuzkoa ch"]
[Site "Donostia"]
[Date "2014.10.11"]
[Round "2"]
[White "Lakunza Oyarbide, Juan Carlos"]
[Black "Gallego Saez, Mario"]
[Result "1-0"]
[WhiteElo "2059"]
[BlackElo "1819"]

1.d4 d5 2.c4 e6 3.Nf3 Nf6 4.Bg5 c6 5.e3 Nbd7 6.Bd3 Bb4+ 7.Nbd2 Be7 8.O-O 
Ng4 9.Bxe7 Qxe7 10.e4 dxc4 11.Nxc4 e5 12.h3 h5 13.Re1 exd4 14.hxg4 hxg4 
15.Nxd4 Qh4 16.Kf1 g3 17.fxg3 Qf6+ 18.Nf3 Qg6 19.Kf2 Nc5 20.Bc2 Bg4 21.Qd6
Ne6 22.Nce5 Qh5 23.Qd7+ Kf8 24.Rh1 Bxf3 25.gxf3 Rd8 26.Rxh5 Rxd7 27.Rxh8+ 
Ke7 1-0

[Event "Gipuzkoa ch"]
[Site "Donostia"]
[Date "2014.10.11"]
[Round "2"]
[White "Cantabrana Garona, Alejandro"]
[Black "Segovia Sanchez, Antonio"]
[Result "0-1"]
[WhiteElo "1787"]
[BlackElo "2030"]

1.c4 Nf6 2.g3 e6 3.Bg2 d5 4.cxd5 exd5 5.d4 c6 6.Nc3 Bf5 7.f3 Bb4 8.Nh3 O-O
9.O-O c5 10.a3 cxd4 11.axb4 dxc3 12.bxc3 Qb6+ 13.Kh1 Rd8 14.g4 Bg6 15.Nf4 
d4 16.Nxg6 hxg6 17.c4 Qxb4 18.Bg5 Qxc4 19.Bxf6 gxf6 20.Ra4 Qc3 21.f4 Nc6 
22.Rf3 Qc5 23.Qb1 b5 24.Ra6 Rac8 25.Ra1 a5 26.Rh3 Kg7 27.Be4 b4 28.Qb3 Ne7
29.Rxa5 Qxa5 30.Rh7+ Kxh7 31.Qxf7+ Kh6 32.Qxf6 Qc5 33.g5+ Kh7 34.f5 gxf5 
35.Qf7+ Kh8 36.g6 Qc1+ 0-1

[Event "Gipuzkoa ch"]
[Site "Donostia"]
[Date "2014.10.25"]
[Round "4"]
[White "Guijarro Galan, Jose Luis"]
[Black "Urretabizkaia Merino, Asier"]
[Result "1/2-1/2"]
[WhiteElo "2189"]
[BlackElo "2093"]

1.e4 e6 2.Nf3 d5 3.e5 c5 4.b4 cxb4 5.d4 Nc6 6.Bd3 Bd7 7.O-O Rc8 8.Be3 Nh6 
9.a3 a6 10.c4 bxc3 11.Nxc3 Nb4 12.axb4 Rxc3 13.Be2 Nf5 14.Bd2 Rc8 15.b5 
Bxb5 16.Bxb5+ axb5 17.Qb3 Qd7 1/2-1/2

[Event "Gipuzkoa ch"]
[Site "Donostia"]
[Date "2014.10.25"]
[Round "4"]
[White "Izagirre Alsua, Aritz"]
[Black "Fuente San Sebastian, Ernesto"]
[Result "0-1"]
[WhiteElo "1905"]
[BlackElo "1828"]

1.e4 e5 2.Nf3 Nc6 3.Bb5 a6 4.Ba4 Nf6 5.O-O Be7 6.Re1 b5 7.Bb3 d6 8.c3 O-O 
9.h3 Na5 10.Bc2 c5 11.d3 Nc6 12.Nbd2 Qc7 13.Nf1 a5 14.Ng3 b4 15.Bg5 Ne8 
16.Rc1 Be6 17.Ra1 Rb8 18.Be3 Nf6 19.Ng5 Bd7 20.Bb3 bxc3 21.bxc3 h6 22.Nf3 
Be6 23.c4 Nd4 24.Nxd4 cxd4 25.Bd2 Nd7 26.f4 exf4 27.Bxf4 Ne5 28.Rf1 Qc5 
29.Rc1 Bh4 30.Bxe5 dxe5 31.Nf5 Bg5 32.Ra1 g6 33.Ng3 Qe7 34.Rf3 Be3+ 35.Kh1
Qh4 36.Nf1 Bg4 37.Nxe3 dxe3 38.Kg1 Bxf3 39.Qxf3 Qf4 40.Re1 Rb4 41.c5 Rc8 
42.Rxe3 Rxc5 43.Qxf4 exf4 44.Rf3 Rc1+ 45.Kf2 a4 46.Bc4 Rb2# 0-1

[Event "Gipuzkoa ch"]
[Site "Donostia"]
[Date "2014.10.25"]
[Round "4"]
[White "Montolio Benedicto, Cesar"]
[Black "Alcaide Luque, Aitor"]
[Result "1/2-1/2"]
[WhiteElo "1898"]
[BlackElo "2200"]

1.e4 e6 2.d3 c5 3.Nf3 Nc6 4.g3 Nge7 5.Bg2 g6 6.O-O Bg7 7.Re1 d6 8.c3 e5 9.
Be3 O-O 10.Qc1 Bg4 11.Bh6 f5 12.Bxg7 Kxg7 13.h3 Bxf3 14.Bxf3 fxe4 15.Bxe4 
Qb6 16.Re2 Rf6 17.Na3 Raf8 18.Nc4 Qd8 19.Ne3 h5 20.Nd5 Nxd5 21.Bxd5 Qd7 
22.Bg2 Qf7 23.Qd2 Nd8 24.b3 Qd7 25.d4 cxd4 26.cxd4 e4 27.Bxe4 Qxh3 28.Bg2 
Qd7 29.Rae1 Qb5 30.Re7+ R6f7 31.Bf1 Qf5 32.Bd3 Qf6 33.Qe3 Nc6 34.Re6 Qxf2+
35.Qxf2 Rxf2 36.Rxg6+ Kh8 37.Rh6+ Kg7 38.Rg6+ Kh8 39.Ree6 1/2-1/2

[Event "Gipuzkoa ch"]
[Site "Donostia"]
[Date "2014.10.25"]
[Round "4"]
[White "Abalia Patino, Aritz"]
[Black "Sanchez Ruesga, Hector"]
[Result "1/2-1/2"]
[WhiteElo "1876"]
[BlackElo "2093"]

1.e4 c5 2.Nf3 e6 3.d4 cxd4 4.Nxd4 a6 5.Bd3 Bc5 6.Nb3 Be7 7.O-O d6 8.Be3 
Nf6 9.f4 O-O 10.c4 Nbd7 11.Qf3 Qc7 12.Nc3 b6 13.Bd4 e5 14.Be3 exf4 15.Bxf4
Ne5 16.Qe2 Bg4 17.Qc2 Rac8 18.Nd2 Qc5+ 19.Kh1 Qd4 20.Bxe5 dxe5 21.Nf3 Bxf3
22.Rxf3 g6 23.Raf1 Ng4 24.Nd5 Bg5 25.Qe2 Bd8 26.h3 Nh6 27.Qf2 Qxf2 28.
R1xf2 Kg7 29.b4 f5 30.g3 Rf7 31.Ne3 Bg5 32.exf5 e4 33.Bxe4 Bxe3 34.Rxe3 
Re8 35.Ree2 gxf5 36.Bc6 Rd8 37.Rd2 Rff8 38.Rfe2 Kf6 39.Kg2 Nf7 40.Rd5 Rxd5
41.Bxd5 Ne5 42.a4 Rc8 43.Rc2 Nd3 44.b5 Ne1+ 45.Kf2 Nxc2 46.bxa6 Na3 47.a7 
Nxc4 48.a8=Q Rxa8 49.Bxa8 Ke5 1/2-1/2

[Event "Gipuzkoa ch"]
[Site "Donostia"]
[Date "2014.10.25"]
[Round "4"]
[White "Rodriguez Cabrera, Fco. Javier"]
[Black "Segovia Sanchez, Antonio"]
[Result "0-1"]
[WhiteElo "1853"]
[BlackElo "2030"]

1.e4 c6 2.d4 g6 3.Nf3 Bg7 4.Nc3 d5 5.Be3 Bg4 6.h3 Bxf3 7.Qxf3 dxe4 8.Qxe4 
Nf6 9.Qf3 Nbd7 10.g4 Qa5 11.O-O-O O-O 12.Bc4 b5 13.Bb3 b4 14.Ne4 Nd5 15.h4
h6 16.Kb1 Qb5 17.Bc1 a5 18.c4 bxc3 19.Nxc3 Nxc3+ 20.Qxc3 c5 21.Be3 Rfc8 
22.a4 Qa6 23.Qc4 Qxc4 24.Bxc4 cxd4 25.Bb5 dxe3 26.Rxd7 exf2 27.Rxe7 Rab8 
28.Re2 Bd4 29.Rd2 Ba7 30.Rd7 Re8 31.Rdd1 Re4 32.g5 hxg5 33.hxg5 Rg4 34.Rd5
Rg1+ 35.Rd1 Rxg5 36.Kc2 Rc8+ 37.Kb3 Rg1 38.Bd3 Rc5 39.Rhxg1 fxg1=Q 40.Rxg1
Re5 41.Rg4 Kg7 42.Rc4 Bc5 43.Re4 Kf6 44.Kc4 Bb4 45.Kd4 Bd6 46.Rf4+ Ke7 47.
Re4 f6 48.Rxe5+ Bxe5+ 49.Kd5 Kf7 50.Kc4 Bxb2 51.Kd5 f5 52.Kd6 Kf6 53.Kd5 
g5 54.Be2 g4 55.Bf1 Kg5 56.Ke6 f4 57.Kd5 Kh4 58.Ke4 Kg3 0-1

[Event "Gipuzkoa ch"]
[Site "Donostia"]
[Date "2014.10.25"]
[Round "4"]
[White "Puga Senar, Fernando"]
[Black "Irure Crespo, Egoitz"]
[Result "0-1"]
[WhiteElo "1774"]
[BlackElo "2005"]

1.d4 Nf6 2.c4 c5 3.d5 b5 4.cxb5 a6 5.Nc3 axb5 6.Nxb5 Ba6 7.Nc3 g6 8.g3 Bg7
9.Bg2 d6 10.Nf3 O-O 11.O-O Nbd7 12.Re1 Ng4 13.e4 Nge5 14.Kh1 Nd3 15.Be3 
Nxe1 16.Qxe1 Qb6 17.Qd2 Rfb8 18.Rb1 Qb4 19.a3 Qa5 20.Rc1 Nb6 21.Bh6 Nc4 
22.Qf4 Rxb2 23.Ng5 Ne5 24.Qh4 Bf6 25.f4 Nd3 26.e5 Bxg5 27.Qxg5 Nxc1 28.
Qxe7 Qxc3 0-1

[Event "Gipuzkoa ch"]
[Site "Donostia"]
[Date "2014.10.25"]
[Round "4"]
[White "Lazkano Gaite, Tomas"]
[Black "Argandona Riveiro, Jon"]
[Result "0-1"]
[WhiteElo "1686"]
[BlackElo "1936"]

1.d4 d6 2.Nf3 Nf6 3.c4 Nbd7 4.Nc3 e5 5.e4 Be7 6.Be2 O-O 7.h3 c6 8.a4 a5 9.
Be3 Re8 10.O-O Bf8 11.Bg5 Qc7 12.Qd3 h6 13.Bxf6 Nxf6 14.Nh4 Qb6 15.dxe5 
dxe5 16.Kh1 g5 17.Qg3 Bg7 18.Nf5 Bxf5 19.exf5 Rad8 20.h4 gxh4 21.Qxh4 Qxb2
22.Rac1 Qd2 23.Rfd1 Qg5 24.Qxg5 hxg5 25.f3 Rxd1+ 26.Rxd1 e4 27.Nxe4 Nxe4 
28.fxe4 Rxe4 29.Rd8+ Bf8 30.Bd3 Rf4 31.Kh2 Kg7 32.g3 Rf2+ 33.Kh3 Bc5 34.
Rd7 Rd2 35.Kg4 Kf6 36.Kf3 Ke5 37.Kg4 f6 38.Kh5 Bd6 39.Bb1 Rd1 40.Rxb7 Bb4 
41.Bc2 Rc1 42.Bd3 Rc3 43.Be2 Kxf5 44.g4+ Ke5 45.Rc7 Kd6 46.Rf7 Rh3+ 47.Kg6
Bc3 48.Kf5 Re3 49.Bd1 Kc5 50.Rc7 Kd6 51.Rb7 Re5+ 52.Kg6 Re4 53.Rb8 Rxc4 
54.Rd8+ Kc5 55.Kf5 Rd4 56.Rxd4 Bxd4 57.Ke4 Kc4 58.Be2+ Kc3 59.Bd1 Be5 60.
Ke3 c5 61.Ke4 c4 62.Ke3 Kb2 63.Kd2 Bf4+ 64.Ke2 Kc1 65.Ke1 Bd2+ 66.Ke2 Bb4 
0-1

[Event "Gipuzkoa ch"]
[Site "Donostia"]
[Date "2014.10.25"]
[Round "4"]
[White "Galarza Cenzano, Inigo"]
[Black "Priya Beitia, Aitor"]
[Result "1-0"]
[WhiteElo "2020"]
[BlackElo "1620"]

1.e4 d5 2.exd5 Qxd5 3.Nc3 Qd8 4.Bc4 Nf6 5.d3 e6 6.Bd2 Bd6 7.Qe2 O-O 8.
O-O-O Nc6 9.Nf3 Na5 10.Ne4 Nxc4 11.dxc4 Nxe4 12.Qxe4 f6 13.Kb1 Qe7 14.Rhe1
e5 15.Qe2 Be6 16.Bc3 Bb4 17.Bxb4 Qxb4 18.b3 Bf7 19.Qd2 Qxd2 20.Rxd2 Rfd8 
21.Red1 Rxd2 22.Rxd2 Be6 23.Ng1 Kf7 24.Ne2 Ke7 25.Nc3 c6 26.Ne4 b6 27.a4 
Rd8 28.Kc1 Rxd2 29.Kxd2 h6 30.c5 f5 31.cxb6 axb6 32.Nc3 Kd6 33.g3 g5 34.
Ke3 Kc5 35.f4 e4 36.fxg5 hxg5 37.h4 gxh4 38.gxh4 Kb4 39.Ne2 Kc5 40.h5 Kd5 
41.Nf4+ Ke5 42.Nxe6 Kxe6 43.Kf4 Kf6 44.b4 e3 45.Kxe3 Kg5 46.a5 Kg4 47.Kf2 
1-0

[Event "Gipuzkoa ch"]
[Site "Donostia"]
[Date "2014.10.25"]
[Round "4"]
[White "Esnaola Gaston, Fernando"]
[Black "Diez Viera, Oscar"]
[Result "1/2-1/2"]
[WhiteElo "1940"]
[BlackElo "1805"]

1.e4 e6 2.d4 d5 3.Nd2 c5 4.exd5 Qxd5 5.Ngf3 cxd4 6.Bc4 Qd6 7.O-O Nf6 8.Nb3
Nc6 9.Nbxd4 Nxd4 10.Qxd4 Qxd4 11.Nxd4 a6 12.Re1 Bd7 13.Bg5 O-O-O 14.Rad1 
h6 15.Bh4 Bc5 16.Nf3 b5 17.Bb3 g5 18.Bg3 Nh5 19.Ne5 Nxg3 20.hxg3 Be8 21.c3
Bd6 22.Kf1 Bxe5 1/2-1/2

[Event "Gipuzkoa ch"]
[Site "Donostia"]
[Date "2014.10.25"]
[Round "4"]
[White "Cantabrana Garona, Alejandro"]
[Black "Lakunza Oyarbide, Juan Carlos"]
[Result "0-1"]
[WhiteElo "1787"]
[BlackElo "2059"]

1.c4 Nf6 2.Nc3 e6 3.d4 d5 4.e3 Be7 5.Nf3 O-O 6.Bd3 c5 7.O-O Nc6 8.b3 b6 9.
Bb2 Bb7 10.Qe2 Nb4 11.Bb1 dxc4 12.bxc4 Bxf3 13.Qxf3 cxd4 14.Ne4 Rc8 15.
Bxd4 Rxc4 16.Rd1 Nbd5 17.Bd3 Rc8 18.Be5 Nd7 19.Bb2 f5 20.Ng3 Bf6 21.Bxf6 
Qxf6 22.Qe2 Nc3 23.Qf3 Nd5 24.Bxf5 0-1

[Event "Gipuzkoa ch"]
[Site "Donostia"]
[Date "2014.10.25"]
[Round "4"]
[White "Moreno Romero, Ernesto"]
[Black "Fernandez Zubitur, Jokin"]
[Result "0-1"]
[WhiteElo "1665"]
[BlackElo "2001"]

1.d4 Nf6 2.c4 e5 3.d5 Bc5 4.e3 O-O 5.Be2 Ne4 6.Nf3 d6 7.Nbd2 f5 8.O-O Nd7 
9.Nxe4 fxe4 10.Ne1 Qg5 11.g3 Nf6 12.Ng2 Bh3 13.Kh1 Ng4 14.Bxg4 Bxg4 15.Qe1
Bf3 16.Kg1 Rf6 17.Qd2 Rh6 18.Ne1 Rxh2 19.Nxf3 exf3 0-1

[Event "Gipuzkoa ch"]
[Site "Donostia"]
[Date "2014.10.25"]
[Round "4"]
[White "Berdote Alonso, Carlos"]
[Black "Zubia Aramburu, Mikel"]
[Result "1-0"]
[WhiteElo "1842"]
[BlackElo "1789"]

1.e3 e5 2.d4 exd4 3.exd4 Nf6 4.Nf3 d6 5.Bd3 Bg4 6.Bg5 Be7 7.Nbd2 Nbd7 8.h3
Be6 9.O-O h6 10.Bh4 O-O 11.Re1 Re8 12.c4 d5 13.Rc1 c6 14.Qc2 dxc4 15.Nxc4 
Nd5 16.Bh7+ Kh8 17.Rxe6 fxe6 18.Nd6 Rf8 19.Nxb7 Qb6 20.Bxe7 Nxe7 21.Nd6 
Nf6 22.Bg6 Nxg6 23.Qxg6 Qc7 24.Nc4 Qf4 25.Re1 Rae8 26.Nce5 Rc8 27.g3 Qf5 
28.Qxf5 exf5 29.Ng6+ Kg8 30.Nxf8 Kxf8 31.Ne5 c5 32.Rc1 Ne4 33.dxc5 Ke7 34.
b4 Ke6 35.Nf3 Kd5 36.Kg2 a5 37.a3 axb4 38.axb4 Rb8 39.c6 Nd6 40.c7 Rc8 41.
Rc5+ Ke6 42.b5 Nb7 43.Rc1 Kd6 44.Rc6+ Kd7 45.Ne5+ 1-0